Governors of Georgia - Statistics

General Stats
  • This quiz has been taken 25 times
  • The average score is 22 of 89
Answer Stats
Hint Answer % Correct
2019- Brian Kemp
80%
1971-1975 Jimmy Carter
80%
2003-2011 Sonny Perdue
67%
2011-2019 Nathan Deal
60%
1933-1937 Eugene Talmadge
53%
1941-1943 Eugene Talmadge
53%
1947 Herman Talmadge
53%
1948-1955 Herman Talmadge
53%
1853-1857 Herschel Vespasian Johnson
53%
1865 James Johnson
53%
1991-1999 Zell Miller
53%
1872-1877 James Milton Smith
47%
1907-1909 Michael Hoke Smith
47%
1911 Michael Hoke Smith
47%
1777 Button Gwinnett
40%
1967-1971 Lester Maddox
40%
1783-1784 Lyman Hall
40%
1999-2003 Roy Barnes
40%
1963-1967 Carl Sanders
33%
1843-1847 George Walker Crawford
33%
1779-1780 George Walton
33%
1789 George Walton
33%
1777-1778 John Adam Treutlen
33%
1857-1865 Joseph Emerson Brown
33%
1909-1911 Joseph Mackey Brown
33%
1912-1913 Joseph Mackey Brown
33%
1882-1883 Alexander Hamilton Stephens
27%
1798-1801 James Jackson
27%
1983-1991 Joe Frank Harris
27%
1802-1806 John Milledge
27%
1915-1917 Nathaniel Edwin Harris
27%
1931-1933 Richard Russell Jr.
27%
1898-1902 Allen Daniel Candler
20%
1801 David Emanuel
20%
1786-1787 Edward Telfair
20%
1789-1793 Edward Telfair
20%
1959-1963 Ernest Vandiver
20%
1975-1983 George Busbee
20%
1851-1853 Howell Cobb
20%
1819-1823 John Clark
20%
1778 John Houstoun
20%
1784-1785 John Houstoun
20%
1955-1959 Marvin Griffin
20%
1947-1948 Melvin Ernest Thompson
20%
1813-1815 Peter Early
20%
1785-1786 Samuel Elbert
20%
1817-1819 William Rabun
20%
1831-1835 Wilson Lumpkin
20%
1877-1882 Alfred Holt Colquitt
13%
1776-1777 Archibald Bulloch
13%
1871-1872 Benjamin Conley
13%
1839-1843 Charles James McDonald
13%
1865-1868 Charles Jones Jenkins
13%
1809-1813 David Brydie Mitchell
13%
1815-1817 David Brydie Mitchell
13%
1943-1947 Ellis Arnall
13%
1788-1789 George Handley
13%
1787-1788 George Mathews
13%
1793-1796 George Mathews
13%
1829-1831 George Rockingham Gilmer
13%
1837-1839 George Rockingham Gilmer
13%
1847-1851 George Towns
13%
1823-1827 George Troup
13%
1883-1886 Henry Dickerson McDaniel
13%
1883 James Stoddard Boynton
13%
1796-1798 Jared Irwin
13%
1806-1809 Jared Irwin
13%
1886-1890 John Brown Gordon
13%
1827-1829 John Forsyth
13%
1782-1783 John Martin
13%
1779 John Wereat
13%
1902-1907 Joseph Meriwether Terrell
13%
1801-1802 Josiah Tattnall
13%
1819 Matthew Talbot
13%
1781-1782 Nathan Brownson
13%
1780 Richard Howly
13%
1868-1871 Rufus Bullock
13%
1780-1781 Stephen Heard
13%
1868 Thomas Howard Ruger
13%
1890-1894 William Jonathan Northen
13%
1835-1837 William Schley
13%
1894-1898 William Yates Atkinson
13%
1923-1927 Clifford Walker
7%
1937-1941 Eurith Dickinson Rivers
7%
1917-1921 Hugh Dorsey
7%
1911-1912 John Marshall Slaton
7%
1913-1915 John Marshall Slaton
7%
1927-1931 Lamartine Griffin Hardman
7%
1921-1923 Thomas William Hardwick
7%
No matching quizzes found
Score Distribution
Percent of People with Each Score
Percentile by Number Answered
Your Score History
You have not taken this quiz